=LDR 00000nam 2200000 4500 =001 INLIS000000001053603 =005 20250414073913 =035 ##$$a 0010-0425000004 =007 ta =008 250414################g##########0#ind## =020 ##$$a 978-979-433-493-5 =082 ##$$a 355.35 =084 ##$$a 355.35 SCA b =100 #$$a Scahill, Jeremy =245 1#$$a Blackwater : $b Membongkar keterlibatan tentara bayaran dalam invasi militer Amerika Serikat /$c Jeremy Scahill =250 ##$$a Cetakan pertama =260 ##$$a Bandung :$b Mizan,$c 2010 =300 ##$$a 699 halaman : $b ilustrasi ; $c 15 x 23 cm =600 #4$$a Blackwater USA =990 ##$$a 10901090